000 00451nam a22001937a 4500
003 OSt
008 250411b |||||||| |||| 00| 0 eng d
020 _a9789389754339
082 _a425 DUE
100 _aDUBEY,Shyam ji
245 _aEnglish for Engineers
250 _aRep
260 _aNew Delhi
_bVikas
_c2024
300 _a192
650 _aEnglish for Engineers
700 _aKUMAR,Manish
700 _aCHAUDHARY,Shreesh
942 _2ddc
_cBK
999 _c13282
_d13282